000 00227nam a22000857a 4500
008 161111b xxu||||| |||| 00| 0 eng d
100 _91128
_aLavakare P. J
245 _aScience and you
260 _aNew Delhi
_bNational Book Trust
_c2007
999 _c3789
_d3789